| 000 | 00513 a2200193 4500 | ||
|---|---|---|---|
| 005 | 20260423141451.0 | ||
| 008 | 260423b |||||||| |||| 00| 0 eng d | ||
| 020 |
_a9789392586941 _cRs. 1795.00 |
||
| 040 | _aMAIN | ||
| 082 |
_a361.3 _bG54S |
||
| 100 | _aGodara, Indraj | ||
| 245 | _aSocial work unveiled: Foundations, ethics and practice | ||
| 260 |
_bAadi Publications _c2024 _aJaipur |
||
| 300 | _a228 | ||
| 650 | _aSocial Problems | ||
| 650 | _aSocial Services | ||
| 650 | _aSocial Work | ||
| 942 | _cBK | ||
| 999 |
_c396088 _d396088 |
||